[Event "Challenge"]
[Site "http://www.queenalice.com/game.php?id=467851"]
[Date "2008.9.24"]
[Round "-"]
[White "jair"]
[Black "Vjdom"]
[Result "0-1"]
[WhiteElo "1413"]
[BlackElo "1320"]

1. g3 c6 2. b3 d5 3. d3 e5 4. Nf3 Qd6 5. Nc3 d4 6. Ne4 Qb4+ 7. Nfd2 f5 8. Ng5
Bc5 9. Nf3 e4 10. a3 Qc3 11. Ra2 e3 12. a4 Na6 13. Bb2 Qa5 14. Bg2 exd2+ 15.
Nxd2 Be6 16. O-O O-O-O 17. h4 Qc7 18. Nf3 f4 19. Bxd4 fxg3 20. Be5 Qb6 21. e3
gxf2+ 22. Kxf2 Bxe3+ 23. Ke2 Ne7 24. d4 Nd5 25. Nd2 Bg4+ 26. Bf3 Nc3+ 27. Ke1
Nxd1 28. Kxd1 h5 29. Bxg7 Qb4 30. c3 Qxc3 31. Rc2 Qa1+ 32. Ke2 Rhe8 33. Rxa1
Bxd4+ 34. Ne4 Rxe4+ 35. Kd3 Bxf3 36. Bxd4 Nb4+ 37. Kc3 Rdxd4 38. Rf2 Rc4+ 39.
bxc4 c5 40. Rxf3 b6 41. Rf8+ Kd7 42. Rf7+ Ke6 43. Rxa7 Rxh4 44. Re1+ Kd6 45. Ra1
Rh3+ 46. Kd2 Rd3+ 47. Ke2 Ke5 48. Rh7 Kd4 49. Rxh5 Kxc4 0-1

[Event "Let's Play Chess!"]
[Site "http://www.queenalice.com/game.php?id=467859"]
[Date "2008.9.24"]
[Round "-"]
[White "jair"]
[Black "amandolin"]
[Result "0-1"]
[WhiteElo "1421"]
[BlackElo "1350"]

1. g3 c5 2. b3 e5 3. Ba3 Nf6 4. Nf3 Nc6 5. Nc3 e4 6. Nh4 d5 7. Ng2 d4 8. Nb1 Be6
9. d3 Be7 10. Nd2 exd3 11. cxd3 Bd5 12. f3 O-O 13. e4 dxe3 14. Nxe3 Nd4 15. f4
Bxh1 16. b4 cxb4 17. Bxb4 Bxb4 18. Rb1 Bxd2+ 19. Kxd2 Rc8 20. Bh3 Bf3 21. Qa4
Rc5 22. Qxa7 Ne4+ 23. Ke1 Qc8 24. Bxc8 Rfxc8 25. Qxb7 Rc1+ 26. Rxc1 Rxc1+ 27.
Nd1 Rxd1# 0-1

[Event "Challenge"]
[Site "http://www.queenalice.com/game.php?id=468867"]
[Date "2008.9.26"]
[Round "-"]
[White "jair"]
[Black "basti822"]
[Result "0-1"]
[WhiteElo "1435"]
[BlackElo "1649"]

1. g3 g6 2. b3 Bg7 3. d4 c5 4. e3 Nc6 5. a4 cxd4 6. Bb2 Qa5+ 7. Ke2 Qd5 8. f3 d6
9. e4 Qe6 10. Bg2 d3+ 11. cxd3 Bxb2 12. Ra2 Qxb3 13. Qxb3 Bf6 14. Rc2 Nd4+ 15.
Kd1 Nxb3 16. Ne2 Nc5 17. Kd2 Nb3+ 18. Ke3 b6 19. Rhc1 Nxc1 20. Nxc1 Ba6 21. Nc3
Rc8 22. N1a2 Bxc3 23. Nxc3 Nf6 24. Bh3 e6 25. Kd2 d5 26. Rb2 Rd8 27. Rb4 h5 28.
e5 Nd7 29. d4 f5 30. exf6 Kf7 31. Ke3 Nxf6 32. Ne2 Rc8 33. Rb3 Bxe2 34. Kxe2
Rc2+ 35. Kf1 Rxh2 36. Bg2 h4 37. gxh4 R8xh4 38. Rc3 Rxd4 39. Rc7+ Kf8 40. Rc8+
Kg7 41. Kg1 Rhh4 42. Rc7+ Kh6 43. Rxa7 Rd1+ 44. Kf2 Rd2+ 45. Kg3 Kh5 46. f4 Rg4+
47. Kf3 Rdxg2 48. Rb7 R2g3+ 49. Ke2 Rxf4 50. Rxb6 Kg4 51. a5 Re4+ 52. Kd2 Rd4+
53. Ke2 Ra4 54. a6 Ra2+ 55. Kf1 Ne4 56. Rxe6 Rf2+ 57. Ke1 Rg1# 0-1

[Event "Challenge"]
[Site "http://www.queenalice.com/game.php?id=468868"]
[Date "2008.9.26"]
[Round "-"]
[White "jair"]
[Black "njwton"]
[Result "0-1"]
[WhiteElo "1433"]
[BlackElo "1479"]

1. d4 d5 2. c3 Nf6 3. Nh3 Bxh3 4. gxh3 e6 5. Qa4+ c6 6. Bf4 b5 7. Qb3 Bd6 8. Bg5
O-O 9. Nd2 a5 10. Bh4 Be7 11. e3 a4 12. Qd1 Ne4 13. Bxe7 Qxe7 14. Qg4 Nxd2 15.
Rg1 g6 16. Kxd2 Nd7 17. a3 Nf6 18. Qh4 Ne4+ 19. Ke2 Qxh4 20. Rg4 Qe7 21. h4 h5
22. Rg2 Qxh4 23. f3 Nd6 24. Rg3 Qxh2+ 25. Rg2 Qh4 26. Rb1 Nc4 27. f4 Qf6 28. Rg1
Rfe8 29. Rg3 Qf5 30. Kf2 Qxb1 31. Be2 Qxb2 32. Rg1 Qxa3 33. Bd3 Qxc3 34. Rd1 Nb2
35. Ke2 Nxd1 36. Kxd1 Qxd3+ 0-1

[Event "Challenge"]
[Site "http://www.queenalice.com/game.php?id=471100"]
[Date "2008.10.1"]
[Round "-"]
[White "jair"]
[Black "Thall"]
[Result "0-1"]
[WhiteElo "1374"]
[BlackElo "1674"]

1. d4 d5 2. c3 Nf6 3. Bg5 Bf5 4. Qa4+ Nc6 5. Nd2 Qd6 6. Qb5 Rb8 7. e3 Ne4 8. Bf4
Qd7 9. Be2 Nxd2 10. Kxd2 g6 11. Be5 Nxe5 12. Qxd7+ Nxd7 13. f3 Bg7 14. g4 Be6
15. h3 f5 16. g5 h6 17. gxh6 Bxh6 18. f4 g5 19. fxg5 Bxg5 20. h4 Rxh4 21. Rxh4
Bxh4 0-1

[Event "Challenge"]
[Site "http://www.queenalice.com/game.php?id=471101"]
[Date "2008.10.1"]
[Round "-"]
[White "jair"]
[Black "wedelsomarques"]
[Result "0-1"]
[WhiteElo "1445"]
[BlackElo "1982"]

1. d4 Nf6 2. Qd3 g6 3. Qb5 c6 4. Qd3 Bg7 5. Bd2 O-O 6. Bc3 d5 7. Qd2 Ne4 8. Qd3
Bf5 9. Bb4 Nxf2 10. Kxf2 Bxd3 11. cxd3 Bxd4+ 12. Ke1 Bxb2 13. h4 Bxa1 14. Bc3
Bxc3+ 15. Nxc3 Qa5 16. Kd2 d4 17. Rh3 Qxc3+ 18. Kd1 Nd7 19. e3 e5 20. exd4 exd4
21. Ne2 Qa1+ 22. Nc1 Rfe8 23. h5 Re1+ 24. Kc2 Qc3+ 25. Kb1 Qxc1# 0-1

[Event "Challenge"]
[Site "http://www.queenalice.com/game.php?id=471109"]
[Date "2008.10.1"]
[Round "-"]
[White "jair"]
[Black "bobifixer"]
[Result "0-1"]
[WhiteElo "1445"]
[BlackElo "1500"]

1. d4 Nf6 2. Nf3 d5 3. c3 g6 4. Ne5 Bg7 5. Qa4+ Bd7 6. Nxd7 Nbxd7 7. Bg5 O-O 8.
Na3 c6 9. Bf4 Nh5 10. Be3 e5 11. dxe5 Nxe5 12. b4 Nc4 13. Nxc4 Bxc3+ 14. Bd2
Bxa1 15. Na5 Qe7 16. b5 c5 17. g4 Nf6 18. f3 Ne8 19. Qd1 Qh4# 0-1

[Event "Challenge"]
[Site "http://www.queenalice.com/game.php?id=471770"]
[Date "2008.10.2"]
[Round "-"]
[White "jair"]
[Black "DutchPlaYERLouke"]
[Result "1-0"]
[WhiteElo "1390"]
[BlackElo "1706"]

1. d4 Nf6 2. Nf3 d5 3. Qd2 e6 4. Qd3 c5 5. Qb5+ Nbd7 6. Bd2 a6 7. Qa4 cxd4 8.
Nxd4 Bc5 9. Nf3 Qb6 10. Ba5 Bxf2+ 11. Kd2 Ne4+ 12. Qxe4 Qxa5+ 13. c3 dxe4 14. h4
exf3 15. gxf3 Ne5 16. Rh2 Qb6 17. b4 Nc4+ 18. Kc2 Ne3+ 19. Kb2 Nxf1 20. Na3 Nxh2
21. Rh1 Qc7 22. Nc2 Qg3 23. Rd1 1-0

[Event "Challenge"]
[Site "http://www.queenalice.com/game.php?id=471771"]
[Date "2008.10.2"]
[Round "-"]
[White "jair"]
[Black "Gigante"]
[Result "1-0"]
[WhiteElo "1386"]
[BlackElo "1518"]

1. d4 Nf6 2. Nf3 d5 3. e3 c6 4. Bd2 a5 5. Bd3 Ne4 6. Bxe4 dxe4 7. Ng1 e6 8. Bc3
Bb4 9. Bxb4 axb4 10. Nd2 Qg5 11. Nxe4 Qd5 12. Qf3 f5 13. Nd2 e5 14. Qxd5 Nd7 15.
Qe6+ 1-0

[Event "Challenge"]
[Site "http://www.queenalice.com/game.php?id=471773"]
[Date "2008.10.2"]
[Round "-"]
[White "Eumesmo2005"]
[Black "jair"]
[Result "0-1"]
[WhiteElo "1091"]
[BlackElo "1414"]

1. e4 d5 2. exd5 Qxd5 3. Nc3 Qe5+ 4. Be2 Bd7 5. Nf3 Qe6 6. Nd4 Qe5 7. Nf3 Qd6 8.
Ne4 Qg6 9. Bd3 Qxg2 10. Rf1 Bh3 11. Bb5+ c6 12. Rg1 Qg6 13. Rxg6 hxg6 14. Ba4
Bf5 15. Nc5 b6 16. Na6 Nxa6 17. Bxc6+ Kd8 18. Bxa8 Nc7 19. Bc6 Be6 20. Ne5 Rh5
21. Qe2 Rxh2 22. Qf1 Bh3 0-1